Normal view
MARC view
- Guide Name:Sardesai Kaushik
Entry Personal Name
001 - CONTROL NUMBER
- control field: 211044
003 - CONTROL NUMBER IDENTIFIER
- control field: OSt
005 - DATE AND TIME OF LATEST TRANSACTION
- control field: 20250110171836.0
008 - FIXED-LENGTH DATA ELEMENTS
- fixed length control field: 250110|| aca||aabn | a|a d
040 ## - CATALOGING SOURCE
- Original cataloging agency: OSt
- Transcribing agency: OSt
100 ## - HEADING--PERSONAL NAME
- Personal name: Guide Name:Sardesai Kaushik
670 ## - SOURCE DATA FOUND
- Source citation: Work cat.: (OSt)364756: U Bhoomika 211043, Investigating An Algotithmic Process For Planarization Of Non Standard Surfaces : Exploring Agent Based Modeling Technique On Non Standard Surfaces, 2021